| 000 | 00383nam a22001337a 4500 | ||
|---|---|---|---|
| 082 |
_a658 _bMAN _cL-27, P-115 |
||
| 100 |
_aBittel, Lester R. _912512 |
||
| 245 |
_aManagement by exception / _cLester R Bittel |
||
| 260 |
_aLondon : _bMcGraw Hill Book Company, _c1964. |
||
| 300 | _axiv, 320 p. : | ||
| 526 |
_a0 _b0 _c0 _d658_000000000000000_MAN |
||
| 650 |
_aMCE _9379 |
||
| 942 |
_2ddc _cBK |
||
| 999 |
_c548374 _d548374 |
||